[Event "Seville op 45th"]
[Site "Seville"]
[Date "2020.01.10"]
[Round "1"]
[White "Das, Arghyadip"]
[Black "Cruz Rodriguez, Israel"]
[Result "1-0"]
[WhiteElo "2451"]
[BlackElo "1764"]
[PlyCount "115"]
[EventDate "2020.01.10"]
[EventType "swiss"]
[EventRounds "9"]
[EventCountry "ESP"]
[SourceTitle "CBM 194 Extra"]
[Source "ChessBase"]
[SourceDate "2020.03.31"]
[SourceVersion "1"]
[SourceVersionDate "2020.03.31"]
[SourceQuality "1"]

1. e4 d5 2. exd5 Qxd5 3. Nc3 Qa5 4. d4 c6 5. Bc4 Nf6 6. Bd2 Qc7 7. Qe2 Bf5 8. h3 h5 9. Nf3 e6 10. 0-0-0 Nbd7 11. Nh4 Bh7 12. g4 hxg4 13. hxg4 0-0-0 14. Bb3 Bd6 15. g5 Nd5 16. g6 Nf4 17. Bxf4 Bxf4+ 18. Kb1 fxg6 19. Qxe6 Bg8 20. Qxg6 Bxb3 21. axb3 Rh6 22. Qxg7 Rdh8 23. Ng6 Rxh1 24. Nxh8 Rxd1+ 25. Nxd1 Qd8 26. Ng6 Bd6 27. Qh8 Qxh8 28. Nxh8 Nf6 29. Nf7 Bh2 30. c3 Kd7 31. Kc2 b6 32. Ne5+ Kd6 33. Nd3 a5 34. Ne3 Kc7 35. Kd2 Kb7 36. Ke2 Bc7 37. f4 Ne4 38. Nc4 b5 39. Nce5 a4 40. bxa4 bxa4 41. Ke3 Nd6 42. Nc5+ Kb6 43. Nxa4+ Kb5 44. b3 Nf5+ 45. Kd3 Nd6 46. Kc2 Nf5 47. Kb2 Ne7 48. Kc2 Bd6 49. Kd3 Ka6 50. Ke4 Kb5 51. f5 Ng8 52. Ng4 Ka6 53. f6 Ne7 54. fxe7 Bxe7 55. Ke5 Kb7 56. Ke6 Bh4 57. Kd7 Bg3 58. Ne5 1-0